000 00790nam a2200253 i 4500
001 19404
003 ES-MaACL
005 20231215063507.0
007 t|
008 020806s2001 sp ||||1| spa d
020 _a84-7490-625-3
080 _a946.0"1934/1940"
100 1 _aMoa, Pío
_d1948-
_eaut
_9226432
245 1 3 _aEl derrumbe de la Segunda República y la guerra civil /
_cPío Moa.
260 _aMadrid :
_bEncuentro,
_c[2001]
300 _a599 p. ;
_c23 cm.
490 1 _aEnsayos ;
_v173. Historia
651 4 _aEspaña-
_xHistoria-
_y1931-1939, II República.
_98283
651 4 _aEspaña-
_xHistoria-
_y1936-1939, Guerra civil.
_98292
830 1 _aEnsayos ;
_v173. Historia
_9176633
852 4 _aES-MaACL
_jL-25852
942 _2udc
999 _c19404
_d19404